01085nab a22002057a 4500999001500000003000400015005001700019008004100036040000700077100003600084245013300120300001300253505032600266505007200592650002800664650003200692650003800724773010400762942001300866 c5773d5773OSt20260105215919.0190514b xxu||||| |||| 00| 0 spa d cPJ 96688aAguilar, Sofía Anahí 10aLibertad de expresión, discursos de odio y enseñanza del derecho desde una perspectiva crítica /cSofía Anahí Aguilar. ap. 77-84 aSumario: I. Introducción: Estado, libertad de expresión y sociedad civil.— II. Stuart Mill y la libertad de expresión: la diversidad como fundamento.— III. Pensar el presente: medios de comunicación masiva y discursos de odio.— IV. Conclusiones: libertad de expresión, crítica y enseñanza del derecho. tSi te interesa el texto, comunicate a koha@justierradelfuego.gov.ar 09967aDERECHO DE FAMILIA 091260aLIBERTAD DE EXPRESION 0aTECNOLOGIA DE LA INFORMACION92890 0284493222dBuenos Aires : AbeledoPerrot, 1989-tDerecho de familia. N° 113 - Marzo 2024z18511201 2udccANA